| 000 | 01453nam a2200349Ia 4500 | ||
|---|---|---|---|
| 001 | ebr10575756 | ||
| 003 | CaPaEBR | ||
| 006 | m u | ||
| 007 | cr cn||||||||| | ||
| 008 | 070918s2008 nyu sb s001 0 eng d | ||
| 010 | _z 2007038539 | ||
| 020 | _z0791475239 (hdbk. : alk. paper) | ||
| 020 | _z9780791475232 (hdbk. : alk. paper) | ||
| 020 | _z9780791477946 | ||
| 040 |
_aCaPaEBR _cCaPaEBR |
||
| 035 | _a(OCoLC)310122386 | ||
| 050 | 1 | 4 |
_aBR65.A9 _bD86 2008eb |
| 100 | 1 |
_aDunham, Scott A., _d1968- |
|
| 245 | 1 | 4 |
_aThe Trinity and creation in Augustine _h[electronic resource] : _ban ecological analysis / _cScott A. Dunham. |
| 260 |
_aAlbany, NY : _bState University of New York Press, _cc2008. |
||
| 300 | _aix, 198 p. | ||
| 490 | 1 | _aSUNY series on religion and the environment | |
| 504 | _aIncludes bibliographical references (p. 181-189) and indexes. | ||
| 533 |
_aElectronic reproduction. _bPalo Alto, Calif. : _cebrary, _d2013. _nAvailable via World Wide Web. _nAccess may be limited to ebrary affiliated libraries. |
||
| 600 | 0 | 0 |
_aAugustine, _cSaint, Bishop of Hippo. |
| 650 | 0 |
_aTrinity _xHistory of doctrines. |
|
| 650 | 0 |
_aCreation _xHistory of doctrines. |
|
| 655 | 7 |
_aElectronic books. _2local |
|
| 710 | 2 | _aebrary, Inc. | |
| 830 | 0 | _aSUNY series on religion and the environment. | |
| 856 | 4 | 0 |
_uhttp://site.ebrary.com/lib/rucke/Doc?id=10575756 _zAn electronic book accessible through the World Wide Web; click to view |
| 999 |
_c78308 _d78308 |
||